000 00325nam a2200133Ia 4500
008 240624s9999 xx 000 0 und d
041 _aeng
082 _a658.8 FIS
100 _aFISK PETER
245 _aMARKETING GENIUS
260 _c2006
_aNew Delhi
_bWiley India
300 _avii, : 490 : p. : cm. ; 18
365 _cRS
_b20
999 _c16128
_d16128